Технология, оборудование, организация и экономика машиностроительного производства. 1985, Вып.3: Упругие опоры в станкостроении (Запись № 4603870)

Подробности
000 -МАРКЕР
контрольное поле 01508nam2a22002531 4500
001 - ИДЕНТИФИКАТОР ЗАПИСИ
контрольное поле RU\NLR\INFOCOMM31\5000073384
005 - ИДЕНТИФИКАТОР ВЕРСИИ
контрольное поле 20250617023221.0
035 ## - ДРУГИЕ СИСТЕМНЫЕ НОМЕРА
Идентификатор записи (NLR Aleph) 002381915
100 ## - ДАННЫЕ ОБЩЕЙ ОБРАБОТКИ
Данные общей обработки 20041222d1985 |||y0rusy50 ca
101 0# - ЯЗЫК РЕСУРСА
Язык текста, звукозаписи и т.д. русский
102 ## - СТРАНА ПУБЛИКАЦИИ ИЛИ ПРОИЗВОДСТВА
Страна публикации российская федерация
105 ## - ПОЛЕ КОДИРОВАННЫХ ДАННЫХ: ТЕКСТОВЫЕ МАТЕРИАЛЫ, МОНОГРАФИЧЕСКИЕ
Кодированные данные о монографическом текстовом документе y ||||000|y
200 1# - ЗАГЛАВИЕ И СВЕДЕНИЯ ОБ ОТВЕТСТВЕННОСТИ
Основное заглавие Упругие опоры в станкостроении
Первые сведения об ответственности А.С. Кельзон
210 ## - ПУБЛИКАЦИЯ, РАСПРОСТРАНЕНИЕ И ДР.
Дата издания, распространения и т.д. 1985
Место издания, распространения и т.д. Б. м.
461 #0 - УРОВЕНЬ НАБОРА
Встроенное поле 001RU\NLR\INFOCOMM31\5000073347
-- 2001#$aТехнология, оборудование, организация и экономика машиностроительного производства$eОбзор. информ.$hСерия 1$iСтанкостроение$fВНИИ информ. и техн.-экон. исслед. по машиностроению и робототехнике (ВНИИТЭМР)$v1985, Вып.3
Системный номер (АБИС) связанной записи 4603861
Место публикации М.
Дата публикации 1985-1988
Первые сведения об ответственности ВНИИ информ. и техн.-экон. исслед. по машиностроению и робототехнике (ВНИИТЭМР)
Номер части Серия 1
Заглавие части Станкостроение
Сведения, относящиеся к заглавию Обзор. информ.
Заглавие Технология, оборудование, организация и экономика машиностроительного производства
Номер тома 1985, Вып.3
700 #1 - ИМЯ ЛИЦА - ПЕРВИЧНАЯ ОТВЕТСТВЕННОСТЬ
Начальный элемент ввода Кельзон
Часть имени, кроме начального элемента ввода А.С.
Код отношения Автор
801 #1 - ИСТОЧНИК ЗАПИСИ
Страна российская федерация
Организация InfoComm
Дата составления 20041222
801 #0 - ИСТОЧНИК ЗАПИСИ
Страна российская федерация
Организация NLR
Правила каталогизации PSBO
852 ## - МЕСТОНАХОЖДЕНИЕ И ШИФР ХРАНЕНИЯ
Идентификатор организации NLR
Шифр хранения (Call Number) П10/6285
942 ## - ДОПОЛНИТЕЛЬНЫЕ ЭЛЕМЕНТЫ ЗАПИСИ (АБИС)
Тип экземпляра АБИС Выпуск
980 ## - КОЛЛЕКЦИЯ
Название коллекции Национальная библиография
980 ## - КОЛЛЕКЦИЯ
Название коллекции Русская периодика

Нет доступных экземпляров.